[Event "Saint Louis Blitz 2020"]
[Site "Saint Louis"]
[Date "2020.09.19"]
[Round "10"]
[White "Dominguez Perez, Leinier"]
[Black "Harikrishna, Pentala"]
[Result "1/2-1/2"]
[WhiteElo "2758"]
[BlackElo "2732"]
[Annotator "TA"]
[PlyCount "121"]
[EventDate "2020.09.18"]
[EventType "blitz"]
[EventCountry "USA"]
[SourceTitle "playchess.com"]
[Source "ChessBase"]
[SourceQuality "1"]

{[%evp 13,121,39,52,11,4,9,27,0,22,11,33,15,30,27,27,29,24,37,34,16,48,37,53,-8,0,-13,0,-6,0,0,9,8,11,0,0,0,0,0,0,0,0,0,20,0,0,0,0,0,0,0,0,0,0,0,0,0,0,-97,-97,-93,-32,-40,-31,-35,-55,-166,-108,-165,-159,-128,-43,-304,-268,-429,-427,-516,-379,-491,-500,-469,-462,-385,-377,-181,-106,-192,-164,-155,-8,-8,-8,-8,-8,-8,-8,-8,-8,-8,-8,-8,-8,-8,-8,-8,0,0,0,0,0,0]} 1. e4 c6 2. d4 d5 3. e5 Bf5 4. Nf3 e6 5. Be2 c5 6. Be3 Qb6 7. Nc3 Nc6 8. Na4 {B12: Caro-Kann: Advance Variation.} Qa5+ 9. c3 {[%cal Rd4c5]} c4 $1 {[%mdl 4] is more profitable than 9...cxd4 at the moment. Played by Maxime Vachier Lagrave in May 2020.} 10. b4 {White has an edge.} Qd8 11. O-O h6 12. Nb2 Nge7 {[#]} 13. Nh4 $146 ({Predecessor:} 13. a4 Bh7 14. Qd2 Nf5 15. Bd1 Rc8 16. Qe2 Be7 17. Bc2 O-O 18. Rae1 Bxb4 19. cxb4 Nxb4 {0-1 (41) Robson,R (2673)-Vazquez,G (2527) chess.com INT 2020}) 13... Bh7 14. f4 Nf5 15. Nxf5 Bxf5 16. g4 Be4 17. f5 Qd7 {[%cal Re6f5]} 18. fxe6 (18. Bf3 $1 $14) 18... fxe6 $11 19. Bf3 Bxf3 20. Qxf3 O-O-O 21. Qf7 Qxf7 22. Rxf7 Rd7 23. Raf1 (23. Rf3 {is more complex.} Be7 24. b5 Nd8 25. Raf1 b6 26. Na4) 23... Rxf7 24. Rxf7 Nd8 25. Rf1 Be7 26. Kg2 h5 27. h3 b5 28. Nd1 hxg4 29. hxg4 a5 $36 {[%mdl 2048] Black has good play.} 30. a3 $1 Kd7 31. Nf2 Nc6 32. Nh3 axb4 33. axb4 Ra8 {Hoping for ...Ra3.} 34. Bg5 Ra2+ 35. Kg3 (35. Rf2 $11 Rxf2+ 36. Kxf2) 35... Ra3 $17 {...Bxb4 is the strong threat.} 36. Rf3 {[#]} Bxb4 $1 {[%mdl 512]} 37. cxb4 $15 Rxf3+ 38. Kxf3 Nxd4+ 39. Kf2 ({White must play} 39. Ke3 $1 $15 Nc2+ 40. Kd2 Nxb4 41. Ng1) 39... Nc6 $19 40. Bd2 (40. Ng1 $17 {is a better defense.}) 40... d4 ({But not} 40... Nxe5 41. Ke3 $17) 41. Nf4 {[#] next Ne2 is good for White.} Nxe5 (41... c3 $1 $17 {[%cal Rc3d2]} 42. Bc1 Nxb4) 42. g5 $2 {[%mdl 8192]} (42. Ne2 $1 $15) 42... c3 43. Bc1 $2 (43. Be1) 43... d3 44. Be3 Ng4+ 45. Kf3 d2 46. Bxd2 cxd2 {[%mdl 4096] Endgame KN-KN} 47. Ke2 {[#]} Nf2 $1 {[%mdl 512]} 48. Kxd2 (48. Kxf2 d1=Q) 48... Ne4+ ({Better is} 48... e5 $19 49. Nh5 g6 50. Nf6+ Ke6) 49. Ke3 $17 Nxg5 50. Nh5 Nh7 (50... g6 $17 51. Nf4 Nf7 52. Nxg6 Nd8 53. Ne5+ Kd6) 51. Nxg7 $11 {The position is equal.} Kd6 {White must now prevent ...Ke5.} (51... Nf6 $5 52. Kd4 $8 Nd5 $11) 52. Kd4 e5+ 53. Ke4 Ng5+ 54. Kf5 Nf3 {aiming for ...Kd5.} 55. Ne8+ Kd5 {And now ...Nd4+ would win.} 56. Nc7+ Kc6 {[#]} 57. Nxb5 $1 {[%mdl 512]} Kxb5 58. Ke4 Kc4 59. Kxf3 Kxb4 60. Ke4 Kc5 61. Kxe5 {White happily takes the draw. Accuracy: White = 70%, Black = 81%.} 1/2-1/2

[Event "Saint Louis Blitz 2020"]
[Site "Saint Louis"]
[Date "2020.09.19"]
[Round "10"]
[White "Nakamura, Hikaru"]
[Black "Carlsen, Magnus"]
[Result "1-0"]
[WhiteElo "2736"]
[BlackElo "2863"]
[Annotator "TA"]
[PlyCount "45"]
[EventDate "2020.09.18"]
[EventType "blitz"]
[EventCountry "USA"]
[SourceTitle "playchess.com"]
[Source "ChessBase"]
[SourceQuality "1"]

{[%evp 17,45,41,42,0,0,-6,0,-129,-8,-17,-10,-30,8,30,42,24,50,47,170,168,114,111,110,95,629,620,727,717,29995,1252]} 1. e4 c5 2. Nf3 e6 3. d4 cxd4 4. Nxd4 a6 5. Bd3 Bc5 6. Nb3 Ba7 7. Qe2 Nc6 8. Be3 d6 9. O-O Nf6 10. Nc3 {B42: Sicilian: Kan Variation: 5 Bd3.} O-O 11. Rad1 b5 12. f4 {[#]} (12. Bxa7 $1 $11 Rxa7 13. a3) 12... e5 $146 (12... Bxe3+ $1 $17 13. Qxe3 Ng4) ({Predecessor:} 12... Bxe3+ 13. Qxe3 Ng4 14. Qg3 Qb6+ 15. Kh1 Ne3 16. f5 Nxf1 17. Rxf1 f6 18. Qxd6 Rd8 {0-1 (28) Sawadkuhi,M (2310)-Langrock,H (2402) Hamburg 2005}) 13. Bxa7 $11 Rxa7 14. f5 Rd7 15. Nd5 Bb7 16. c4 bxc4 17. Bxc4 Ne7 (17... Nxd5 $14 18. Bxd5 Qf6) 18. Nxf6+ $18 gxf6 19. Kh1 Kh8 20. Rd3 Bxe4 $2 {[%mdl 8192]} (20... Rc7 $16) 21. Qxe4 d5 {[#]} 22. Qh4 $1 {Intending Rh3 and mate.} Ng8 23. Rg3 {Accuracy: White = 74%, Black = 35%.} (23. Rh3 $142 h6 24. Rg3 Qb6 25. Qg4 Qg1+ 26. Rxg1 dxc4 27. Qg7#) 1-0

[Event "Saint Louis Blitz 2020"]
[Site "Saint Louis"]
[Date "2020.09.19"]
[Round "10"]
[White "Firouzja, Alireza"]
[Black "Aronian, Levon"]
[Result "0-1"]
[WhiteElo "2728"]
[BlackElo "2773"]
[Annotator "TA"]
[PlyCount "94"]
[EventDate "2020.09.18"]
[EventType "blitz"]
[EventCountry "USA"]
[SourceTitle "playchess.com"]
[Source "ChessBase"]
[SourceQuality "1"]

{[%evp 9,94,16,22,18,29,22,31,6,19,13,26,18,19,23,8,21,20,19,18,-4,0,0,-7,-27,0,-16,-25,-25,39,42,36,26,21,0,0,-87,-63,-95,-78,-110,-105,-110,-110,-114,-106,-106,-100,-117,-120,-116,-124,-145,-114,-109,-106,-129,-62,-81,-83,-80,-36,-38,-39,-55,-48,-64,-62,-38,-45,-162,-151,-225,-231,-412,-283,-440,-418,-564,-535,-562,-546,-355,0,0,0,-2938,-2691]} 1. e4 e5 2. Nf3 Nc6 3. Bb5 Nf6 4. d3 Bc5 5. Bxc6 dxc6 6. O-O {C65: Ruy Lopez: Berlin Defence (3...Nf6), unusual lines and 4 0-0 Bc5.} Qe7 7. Nbd2 Bg4 8. a3 {White is slightly better.} a5 9. h3 Bh5 10. Nc4 Nd7 11. g4 Bg6 12. b4 Bb6 {[#]} 13. Bd2 $146 {[%cal Rb4a5]} ({Predecessor:} 13. Nxb6 cxb6 14. Be3 O-O 15. Qd2 f6 16. Rab1 axb4 17. axb4 b5 18. Nh4 Ra2 19. Kh2 {½-½ (30) Dominguez Perez,L (2763)-Wang,H (2726) Khanty-Mansiysk 2019}) 13... a4 14. Kg2 h5 15. Qe2 O-O-O 16. Rh1 f6 17. Nb2 Bf7 18. Nxa4 g5 ({Better is} 18... Bd4 $11 19. Nxd4 exd4) 19. Nxb6+ $14 cxb6 20. Be3 Kc7 21. c3 Nf8 22. Nd2 (22. a4 $1 $11) 22... Ne6 $17 23. a4 Qd7 24. a5 bxa5 25. bxa5 Qxd3 26. Qxd3 Rxd3 27. a6 {[#]} Nf4+ $1 28. Kg1 Ra8 ({Much weaker is} 28... Rxc3 $6 29. axb7 Rb8 30. h4 $15) 29. a7 h4 30. c4 b6 31. Kh2 c5 32. Rhb1 Be6 (32... Ne6 $17 33. Ra6 Rd6) 33. Rb2 Rd6 34. Bxf4 exf4 35. e5 fxe5 36. Ne4 Rd4 37. Nxg5 Bxc4 38. Nf3 Rd5 39. Nxh4 ({Only move:} 39. Re1 $1 $15) 39... b5 $19 40. Nf5 {[#]} (40. g5 $17) 40... Bd3 $1 41. Ng7 $2 (41. Ne7 Rd7 42. Ng8) 41... c4 42. Nh5 (42. Ne8+ $142 Rxe8 43. a8=Q Rxa8 44. Rxa8) 42... Kb6 43. Rba2 c3 44. Ra6+ Kc5 45. Nf6 {Hoping for R1a3.} Rd6 $2 (45... Rdd8 $19 {...c2 is the strong threat.} 46. Re6 b4) 46. Rxd6 $11 Kxd6 47. Ne8+ $2 {[%mdl 8192]} (47. Rd1 $11 Kc5 48. Rxd3) 47... Rxe8 {Accuracy: White = 71%, Black = 78%.} 0-1

[Event "Saint Louis Blitz 2020"]
[Site "Saint Louis"]
[Date "2020.09.19"]
[Round "11"]
[White "Carlsen, Magnus"]
[Black "Nepomniachtchi, Ian"]
[Result "1/2-1/2"]
[WhiteElo "2863"]
[BlackElo "2784"]
[Annotator "TA"]
[PlyCount "124"]
[EventDate "2020.09.18"]
[EventType "blitz"]
[EventCountry "USA"]
[SourceTitle "playchess.com"]
[Source "ChessBase"]
[SourceQuality "1"]

{[%evp 10,124,27,6,3,8,21,0,9,6,4,18,7,0,32,44,46,32,55,60,141,85,91,25,32,16,23,23,28,22,22,22,22,14,23,10,24,12,34,0,22,4,55,51,51,45,43,4,8,0,26,0,-5,-152,-147,-170,0,-135,-135,-203,-192,-172,-119,-367,0,0,8,8,172,200,270,258,287,271,283,256,291,275,272,248,269,255,291,233,181,177,178,177,162,148,332,324,297,308,535,541,1138,1136,636,22,22,22,22,22,22,0,0,0,0,0,0,0,0,0,0,0,0]} 1. c4 e5 2. Nc3 Nf6 3. g3 d5 4. cxd5 Nxd5 5. Bg2 Nb6 6. b3 Nc6 {A22: English Opening: 1...e5 2 Nc3 Nf6.} 7. Bb2 Be6 {[#]} 8. Bxc6+ $146 ({Predecessor:} 8. Nf3 Be7 9. O-O O-O 10. d3 f5 11. e3 Bf6 12. Qe2 Bf7 13. Bh3 Bg6 14. Rfd1 Re8 15. Ne1 Qe7 16. Rd2 Qf7 17. Bg2 Rad8 18. Bxc6 bxc6 {0-1 (49) Valenta,P (1943)-Mikes,J (2116) Teplice 2012}) 8... bxc6 9. Nf3 Bd6 10. d4 exd4 11. Qxd4 f6 12. Qe4 Kf7 13. Qxc6 Qe8 14. Qe4 h5 (14... Bh3 $14) 15. Nd4 (15. O-O $142) 15... Bd7 16. Qxe8+ (16. O-O $16) 16... Rhxe8 $11 17. f3 c5 18. Nc2 Be5 19. Nd1 Bxb2 20. Nxb2 Bb5 21. e4 f5 $1 22. Ne3 fxe4 23. f4 Red8 24. Rd1 Rd4 25. Nf5 Rad8 (25... Rxd1+ $11 26. Kxd1 Rd8+ 27. Kc1 Kf6) 26. Nxd4 $14 cxd4 27. a4 Ba6 28. a5 Nc8 29. Nc4 {Ne5+ is the strong threat.} Ne7 30. Kf2 Nf5 31. Rhe1 (31. Rhg1 $1 $11) 31... e3+ $17 {[%mdl 1024] Black has strong compensation.} 32. Kf3 Bb7+ $1 33. Ke2 Ke6 $1 34. Rg1 (34. a6 $17 Be4 35. Kf1) 34... Be4 $1 $19 35. Ne5 Rb8 (35... Bc2 $19 36. Rgf1 Bxd1+ 37. Rxd1 Rc8) 36. Nf3 $2 (36. Nd3 $17 {was necessary.}) 36... Bxf3+ $2 (36... Kd5 $1 $19 37. Rxd4+ Nxd4+ 38. Nxd4 Kxd4 39. Rd1+ Kc5 40. Kxe3 Bd5 41. Rc1+ Kd6) 37. Kxf3 $11 Rxb3 $19 {[%mdl 4096] Endgame aiming for ...d3. KRR-KRN} 38. Ke4 {Strongly threatening Rb1.} e2 $2 (38... Rb2 $11) 39. Rd3 $18 Rb5 40. Re1 Rxa5 41. Rxe2 g6 42. Kf3+ Kd6 43. h3 Ra4 44. g4 hxg4+ 45. hxg4 Ne7 46. Ke4 Nc6 47. Rh2 Ra1 48. Rh6 Re1+ 49. Kf3 Rf1+ $2 {[#]} (49... Re6 $16 50. Ra3 a5) 50. Kg3 $1 Rg1+ {[#]} 51. Kh4 $1 Rh1+ $2 (51... Kd5 52. Rxg6 a5) 52. Kg5 {[%mdl 64] Discovered Attack} Rxh6 53. Kxh6 {KR-KN} Kd5 54. Kxg6 $2 (54. Rd1 $18) 54... Ke4 $11 {The position is equal.} 55. Rd1 Kxf4 56. g5 Ne5+ $1 57. Kh5 (57. Kf6 {feels hotter.} Ng4+ 58. Ke6 Kxg5 59. Rd3 a5 60. Rxd4 Nh2 61. Rc4) 57... Ke4 58. Re1+ Kf5 59. Rf1+ Ke4 60. Re1+ Kf5 61. Kh6 Nf7+ 62. Kh5 {Intending Rf1+ and mate.} Ne5 {White really could win this. Accuracy: White = 71%, Black = 64%.} 1/2-1/2

[Event "Saint Louis Blitz 2020"]
[Site "Saint Louis"]
[Date "2020.09.19"]
[Round "11"]
[White "Aronian, Levon"]
[Black "Grischuk, Alexander"]
[Result "1-0"]
[WhiteElo "2773"]
[BlackElo "2777"]
[Annotator "TA"]
[PlyCount "139"]
[EventDate "2020.09.18"]
[EventType "blitz"]
[EventCountry "USA"]
[SourceTitle "playchess.com"]
[Source "ChessBase"]
[SourceQuality "1"]

{[%evp 14,139,0,-4,19,0,0,0,6,9,7,0,0,-6,23,0,0,-10,0,-40,-22,-39,-26,-43,-23,-83,-54,-66,0,-64,0,-7,16,-14,0,-5,14,0,5,-13,29,1,12,7,0,0,64,67,63,60,93,102,80,106,246,223,240,239,228,234,289,278,341,268,331,240,234,229,233,233,238,233,233,135,258,252,301,301,214,231,480,465,456,414,1021,935,716,0,0,0,525,0,895,327,220,0,870,825,608,437,225,112,1889,1516,5418,5406,5406,5106,29975,29974,29978,29979,29979,29980,29980,29981,29981,29982,29982,29982,29982,29983,29984,29985,29985,29986,29989,29990]} 1. e4 c6 2. d4 d5 3. e5 Bf5 4. Bd3 Bxd3 5. Qxd3 e6 6. Ne2 c5 7. c3 Nc6 8. O-O Qb6 {B12: Caro-Kann: Advance Variation.} 9. Nd2 cxd4 10. cxd4 Nb4 {The position is equal.} 11. Qb3 {[#]} Nc6 $146 ({Predecessor:} 11... a5 12. a4 Ne7 13. Nf3 Nec6 14. Be3 Be7 15. Nc3 O-O 16. Nb5 Na7 17. Nxa7 Qxa7 {½-½ (65) Mesterovic,L (1796)-Petrovic,M (2017) Belgrade 2008}) 12. Qxb6 axb6 13. Nf3 b5 14. Be3 b4 15. Rfc1 Nge7 16. g4 Nc8 17. Nf4 Nb6 18. b3 Be7 19. Nh5 (19. Kg2 $11 {remains equal.}) 19... Rg8 20. Rc2 f6 (20... Nc8 $15) 21. Bf4 (21. h3 $11) 21... Kf7 ({Black should play} 21... Nd7 $15) 22. Re1 Rae8 23. Rce2 Bd8 24. h3 Nd7 25. Kg2 Bb6 26. Be3 Bc7 {[%cal Rf6e5]} 27. Bd2 Bb6 28. exf6 gxf6 29. Nf4 {[%cal Rf4e6]} Nxd4 ({Black should try} 29... Bxd4 $11 30. Rxe6 Rxe6 31. Rxe6 Be5 32. Nxe5+ fxe5) 30. Nxd4 $14 Bxd4 31. Nxe6 Be5 32. Nf4 Bxf4 33. Bxf4 Nc5 (33... Rxe2 $16 {was necessary.} 34. Rxe2 Nb8) 34. Rxe8 $1 $18 Rxe8 35. Rxe8 Kxe8 {[%mdl 4096] Endgame KB-KN} 36. Bd2 Ne4 37. Bxb4 d4 38. Kf1 Kd7 39. f3 Ng5 40. Kg2 Kc6 41. h4 Ne6 42. Bd2 Kd5 43. Kf2 (43. Kf1 $18) 43... Ke5 (43... Nf8 $16 {is a better defense.} 44. Bf4 Ng6) 44. Ke2 f5 45. gxf5 Kxf5 46. Kd3 Ke5 $2 (46... b5 47. f4 h5) 47. a4 Kd5 48. b4 h5 (48... Nd8 $142 49. a5 Nf7) 49. Bh6 Nd8 {[#]} 50. Bf8 $2 (50. f4 $1 $18 {Bg5 is the strong threat.} Nc6 51. b5) 50... Ne6 $11 51. Bh6 $2 {[%mdl 8192]} (51. Be7 $11) 51... Nd8 $1 $18 {[#] and the idea ...Nc6 leaves Black hopeful.} 52. Bd2 $2 (52. f4 $1 $18 {Strongly threatening a5.} b6 53. f5) 52... Nf7 $2 {[%mdl 8192]} (52... Ne6 $11) 53. Bf4 $2 (53. f4 Nd6 54. a5) 53... Nd8 54. Bd2 $2 (54. Bh2 $18) 54... Ne6 $2 {[%mdl 8192]} (54... Nf7 $11) 55. f4 Ng7 56. b5 Ne6 {White should prevent ...Nc5+.} 57. a5 (57. Ke2 $18 {and White stays clearly on top.}) 57... Nc5+ $2 {[%mdl 8192]} (57... Nc7 $16) 58. Ke2 Ke4 59. Bb4 d3+ 60. Kd1 Ne6 61. a6 {White mates.} bxa6 62. bxa6 {[%cal Bb5a6,Ba6a7][%mdl 32]} Nc7 63. a7 Na8 64. Kd2 Nb6 65. Ba5 Na8 {[#]} 66. f5 $1 {[%mdl 576] Deflection} Kxf5 67. Kxd3 Ke6 68. Kc4 Kd7 69. Kb5 Kc8 70. Ka6 {Accuracy: White = 71%, Black = 51%.} 1-0

[Event "Saint Louis Blitz 2020"]
[Site "Saint Louis"]
[Date "2020.09.19"]
[Round "11"]
[White "Harikrishna, Pentala"]
[Black "Firouzja, Alireza"]
[Result "0-1"]
[WhiteElo "2732"]
[BlackElo "2728"]
[Annotator "TA"]
[PlyCount "68"]
[EventDate "2020.09.18"]
[EventType "blitz"]
[EventCountry "USA"]
[SourceTitle "playchess.com"]
[Source "ChessBase"]
[SourceQuality "1"]

{[%evp 17,68,-2,18,-12,-12,-23,-13,-32,-24,-39,-27,-38,0,-56,-50,-120,-119,-122,-135,-156,-177,-167,-171,-245,-141,-179,-154,-450,-438,-510,-507,-765,-754,-1044,-1050,-1039,-1037,-1164,-1077,-1670,-1062,-1691,-1654,-1690,-1690,-1458,-1125,-1187,-1188,-29983,-29984,-29984,-9581]} 1. d4 Nf6 2. c4 e6 3. Nc3 Bb4 4. Nf3 b6 5. Bd2 Bb7 6. e3 O-O 7. Bd3 d5 8. cxd5 exd5 9. O-O a6 10. Ne2 {[%cal Bc3e2,Be2g3,Bg3f5][%mdl 32] E52: Nimzo-Indian: Rubinstein: 4...0-0 5 Nf3 d5 6 Bd3 b6.} Bd6 11. Ng3 Re8 12. Nf5 {The position is equal.} Bf8 13. Ne5 {[#]} c5 $146 ({Predecessor:} 13... Ne4 14. Bxe4 dxe4 15. Bc3 Qg5 16. g4 g6 17. Ng3 Bd6 18. h3 Qh4 19. Kh2 Bd5 {0-1 (60) Georgakopoulos,N (2301)-Velten,P (2455) Anogia 2017}) 14. f4 Nc6 15. Be1 ({White should try} 15. Qf3 $11) 15... g6 $15 16. Bh4 (16. Nh4 $15) 16... gxf5 $17 17. Bxf5 Bg7 18. Rf3 {[#]} Qd6 $1 19. Rg3 {And now Bxh7+! would win.} Ne7 20. Bc2 {[#]} (20. dxc5 $142 bxc5 21. Qd3) 20... Ng6 (20... cxd4 $1 $19 21. Bxf6 Qxf6 22. exd4 Ng6) 21. Bxf6 Qxf6 22. Qh5 $2 (22. Ng4 $17 {was the only chance.} Qh4 23. dxc5) 22... cxd4 $19 {[%mdl 64] Overworked Piece} 23. exd4 Qxf4 24. Nf3 (24. Rd1 $142 Bxe5 25. dxe5 Rxe5 26. Qf3 Qxf3 27. Rxf3) 24... Re2 25. Bd3 Qe3+ 26. Kh1 Qxd3 27. Ng5 Qd2 28. Qxh7+ {[#]} Kf8 $1 {( -> ...Re1+)} 29. Rf1 Re1 {[%cal Re1f1]} 30. Ne6+ {[#]} Ke7 $1 {[%cal Re1f1]} 31. Rgf3 Rxf1+ 32. Rxf1 Bf6 {White must now prevent ...Rh8.} 33. Ng7 Rh8 34. Nf5+ Kf8 {White got outplayed after the opening. Accuracy: White = 34%, Black = 77%.} 0-1

[Event "Saint Louis Blitz 2020"]
[Site "Saint Louis"]
[Date "2020.09.19"]
[Round "11"]
[White "Xiong, Jeffery"]
[Black "Dominguez Perez, Leinier"]
[Result "1/2-1/2"]
[WhiteElo "2709"]
[BlackElo "2758"]
[Annotator "TA"]
[PlyCount "41"]
[EventDate "2020.09.18"]
[EventType "blitz"]
[EventCountry "USA"]
[SourceTitle "playchess.com"]
[Source "ChessBase"]
[SourceQuality "1"]

{[%evp 11,41,9,18,22,27,26,18,21,57,64,44,45,36,44,59,25,24,18,20,21,21,19,30,0,0,0,0,0,0,0,9,6]} 1. d4 Nf6 2. c4 e6 3. Nf3 d5 4. g3 dxc4 5. Bg2 Bb4+ 6. Bd2 a5 7. Qc2 {E04: Open Catalan: 5 Nf3.} Bxd2+ 8. Qxd2 c6 9. a4 b5 10. axb5 cxb5 11. Qg5 O-O 12. Qxb5 Ba6 13. Qxa5 Bb7 $1 14. Qxd8 Rxa1 15. Qxf8+ $1 ({Not} 15. Qb6 $2 Rxb1+ 16. Kd2 c3+ 17. Kxc3 Nd5+ 18. Kd3 Nxb6 $19) 15... Kxf8 16. O-O {Black must now prevent Ne5.} Ra2 17. Nbd2 Bxf3 $1 {The position is equal.} 18. Bxf3 c3 $1 {[%cal Rc3d2]} 19. Nc4 $1 cxb2 {aiming for ...Nd5.} 20. Kg2 $1 {[#]} Ra4 $146 ({Predecessor:} 20... Nbd7 21. Rb1 Ra4 22. Ne5 Rb4 23. Nd3 Rxd4 24. Rxb2 e5 25. Bb7 e4 26. Nb4 Rd1 {½-½ (38) Iturrizaga Bonelli,E (2673)-Pichot,A (2556) Sharjah 2017}) 21. Nxb2 {Accuracy: White = 82%, Black = 90%.} 1/2-1/2

[Event "Saint Louis Blitz 2020"]
[Site "Saint Louis"]
[Date "2020.09.19"]
[Round "12"]
[White "Carlsen, Magnus"]
[Black "So, Wesley"]
[Result "1-0"]
[WhiteElo "2863"]
[BlackElo "2770"]
[Annotator "TA"]
[PlyCount "123"]
[EventDate "2020.09.18"]
[EventType "blitz"]
[EventCountry "USA"]
[SourceTitle "playchess.com"]
[Source "ChessBase"]
[SourceQuality "1"]

{[%evp 18,123,7,6,10,11,43,11,11,10,13,11,13,4,50,18,14,16,57,11,68,0,4,0,0,0,0,0,0,0,24,0,0,0,0,0,0,0,26,18,50,2,181,0,0,0,97,86,90,81,127,0,203,187,200,196,272,244,488,320,1079,1071,1064,1064,1050,1057,1071,1050,1039,1043,1042,1042,1002,960,930,879,681,567,377,0,544,356,12838,12839,12838,12838,12839,12839,12839,12839,12842,12842,12842,12843,12849,12847,12848,12847,12848,12848,12850,12850,12850,12848,12849,12849,29998,29999]} 1. d4 Nf6 2. c4 e6 3. Nf3 d5 4. Nc3 Be7 5. Bf4 O-O 6. e3 Nbd7 7. Be2 dxc4 8. O-O c5 9. dxc5 Nxc5 10. Bxc4 Qxd1 {D37: Queen's Gambit Declined: 5 Bf4.} 11. Rfxd1 b6 12. Ne5 $5 {[%mdl 4] Strongly threatening Nc6. An interesting side line.} Bb7 {The position is equal.} 13. f3 {[#]} Nh5 $146 ({Predecessor:} 13... Rfd8 14. e4 Kf8 15. Be2 Ncd7 16. Nc4 Bc6 17. Rac1 Ne8 18. Kf1 h6 19. a3 Bg5 {½-½ (41) Wojtaszek,R (2719)-Adams,M (2701) Biel 2020}) 14. b4 Na6 $1 15. a3 Bf6 {And now ...g5 would win.} 16. Bxa6 Bxa6 17. Ne4 Rfd8 18. Rxd8+ Rxd8 ({Black should play} 18... Bxd8 $11 19. Rd1 f5) 19. Rc1 ({Better is} 19. Nxf6+ $14 Nxf6 20. Nc6) 19... Bb5 $11 20. g4 Nxf4 21. exf4 Bh4 22. Kg2 f5 23. Ng5 fxg4 24. fxg4 Rd2+ 25. Kh3 Bxg5 $1 26. fxg5 {[%mdl 4096] Endgame Threatening mate with Rc8+. KRB-KRN} Kf8 27. Rc7 Re2 28. g6 h5 29. Nd7+ Ke7 $2 (29... Bxd7 $1 $11 {and Black is okay.} 30. Rxd7 hxg4+ 31. Kxg4 Rg2+ 32. Kf3 Rxg6) 30. Nxb6+ $2 (30. gxh5 $18 {aiming for h6.} Bxd7 31. h6 gxh6 32. Rxd7+ $1 {[%mdl 512]} Kxd7 33. g7) 30... Kf6 31. Rxa7 Re3+ (31... Kg5 $11 32. gxh5 (32. Rxg7 {leads to mate.} Bc6 33. Nd5 Bxd5 34. Rf7 hxg4+ 35. Kg3 Rg2#) 32... Bc6 33. Ra5+ Kf4) 32. Kh4 $16 hxg4 33. Kxg4 Kxg6 34. a4 (34. Ra5 $16 Bd3 35. Kf4 Re4+ 36. Kf3) 34... Re4+ $2 {Black is on the road to losing.} (34... Bd3 $1 $11 35. Rc7 (35. b5 $2 e5 $19) 35... Bf5+ 36. Kf4 Re4+ {[%mdl 64] Double Attack} 37. Kf3 Rxb4) 35. Kg3 Rxb4 36. axb5 {Threatens to win with Ra5.} Rxb5 $18 {KRN-KR} (36... Rb3+ $142 37. Kf4 Rb4+ 38. Ke3 Rb3+ 39. Kd4 Rxb5) 37. Nc4 Rb3+ $2 (37... Rb4) 38. Kg2 Rc3 $2 (38... Kf6 39. Ra2 Rc3) 39. Ne5+ Kf6 40. Ra5 Kf5 41. Nf3+ Kf4 42. Ra4+ Kf5 43. Ra7 Kf6 44. Ra6 Rc4 45. Kg3 Rb4 46. h4 Rb3 47. Kg4 Rb4+ {[#]} 48. Kg3 (48. Kh3 $142 $1) 48... Rb3 49. Ra4 e5 $2 (49... g6 50. Kg4 Rb1 51. Rf4+ Kg7) 50. Kg4 Rb6 51. Ng5 Rc6 52. h5 Rb6 53. Ne4+ Ke6 54. Ra7 Kd5 55. Ng5 e4 56. Rxg7 e3 57. Re7 Kd4 58. Ne6+ Kc3 59. Nf4 {White wants to mate with Nd5+!} Kd2 60. Kf3 Rb3 61. Rd7+ Ke1 62. Ng2+ {[%mdl 64] Double Attack. Accuracy: White = 80%, Black = 56%.} 1-0